000 00512nam a2200169Ia 4500
999 _c21142
_d21142
003 OSt
005 20200615103630.0
008 190216s9999||||xx |||||||||||||| ||und||
020 _a9788189161552
040 _coclc
082 _a305.420954
_bBAN/R
100 _aBanerjee, Shruti
_92870
245 0 _aRole Of Women In Development Sector /
_c Shruti Banerjee
260 _bAdhyayan Publishers,
_aDelhi:
_c2005.
300 _a297p
942 _cBK
_2ddc
_h305.420954
_iBAN/R
_k305.420954
_mBAN/R